000 00622cam a22002053a 4500
001 40120
003 PGUSA
005 20140828083908.0
008 120701s2012||||xxu|||||s|||||000 | eng d
040 _aPGUSA
_beng
042 _adc
100 1 _aEtten, Gerard Van
245 1 4 _aThe Vampire Cat :
_bA Play in one act from the Japanese legend of Nabeshima cat
_h[electronic resource] /
_cGerard Van Etten
260 _bProject Gutenberg,
_c2012
506 _aPublic domain in the USA.
516 _aElectronic text
830 0 _aProject Gutenberg
_v40120
856 4 0 _uhttp://www.gutenberg.org/ebooks/40120
942 _cEB
999 _c269373
_d269373